|
|
|
|
| LEADER |
00000naa2a2200000 4500 |
| 001 |
552390 |
| 005 |
20240129095848.0 |
| 035 |
|
|
|a (RuTPU)RU\TPU\prd\246133
|
| 035 |
|
|
|a RU\TPU\prd\246132
|
| 090 |
|
|
|a 552390
|
| 100 |
|
|
|a 20151125a2006 k y0rusy50 ca
|
| 101 |
0 |
|
|a rus
|
| 102 |
|
|
|a RU
|
| 200 |
1 |
|
|a Стабилизация температурных режимов барабанной печи электротехнического комплекса производства фтороводорода
|f В. Г. Букреев [и др.]
|
| 320 |
|
|
|a Библиогр.: с. 77 (8 назв.)
|
| 330 |
|
|
|a Приведены результаты сравнительного анализа релейного и пропорционально-интегрально-дифференциального законов регулирования тепловым режимом барабанной печи при ведении технологического процесса производства фтороводорода. Предложена адаптивная система управления нагревом реакционной среды в барабанной печи на основе информации о температуре реакционного газа и отходов производства.
|
| 461 |
|
0 |
|0 (RuTPU)RU\TPU\prd\195
|t Известия вузов. Электромеханика
|d 1958-
|
| 463 |
|
0 |
|0 (RuTPU)RU\TPU\prd\87327
|t № 3
|v С. 75-77
|d 2006
|
| 610 |
1 |
|
|a температурные режимы
|
| 610 |
1 |
|
|a барабанные печи
|
| 610 |
1 |
|
|a электротехнические устройства
|
| 610 |
1 |
|
|a технологические процессы
|
| 610 |
1 |
|
|a фтороводород
|
| 610 |
1 |
|
|a производство
|
| 610 |
1 |
|
|a флюориты
|
| 610 |
1 |
|
|a системы управления
|
| 610 |
1 |
|
|a реакционная среда
|
| 610 |
1 |
|
|a труды учёных ТПУ
|
| 675 |
|
|
|a 621.398
|v 3
|
| 701 |
|
1 |
|a Букреев
|b В. Г.
|c специалист в области электротехники
|c профессор Томского политехнического университета, доктор технических наук
|f 1952-
|g Виктор Григорьевич
|3 (RuTPU)RU\TPU\pers\26527
|9 12221
|
| 701 |
|
1 |
|a Цхе
|b А. В.
|c российский учёный в области инновационных технологий и инженерного консалтинга
|c директор научно-технического центра Томского политехнического университета
|g Алексей Викторович
|3 (RuTPU)RU\TPU\pers\26524
|
| 701 |
|
1 |
|a Пищулин
|b В. П.
|
| 701 |
|
1 |
|a Трухин
|b Ю. В.
|
| 801 |
|
1 |
|a RU
|b 63413507
|c 20151015
|
| 801 |
|
2 |
|a RU
|b 63413507
|c 20180313
|g RCR
|
| 942 |
|
|
|c BK
|